100 najludniejszych Państw Świata - Statystyki

Ogólne statystyki
  • Ten quiz został rozwiązany 296 razy
  • Średni wynik to 76 z 100
Statystyki odpowiedzi
Miejsce Państwo ile % Poprawnych
2 Chiny -1
99%
1 Indie +1
99%
18 Niemcy 0
98%
9 Rosja 0
97%
3 USA 0
97%
7 Brazylia 0
96%
39 Polska 0
96%
22 Francja -1
95%
11 Japonia 0
94%
56 Niger 0
94%
14 Egipt +1
93%
32 Hiszpania -2
93%
6 Nigeria 0
93%
30 Argentyna +2
92%
19 Turcja 0
92%
24 Włochy 0
92%
10 Meksyk 0
91%
36 Ukraina -1
91%
21 Wielka Brytania +1
91%
4 Indonezja 0
90%
37 Kanada +1
90%
5 Pakistan 0
89%
53 Australia +1
88%
25 Republika Południowej Afryki +1
88%
65 Chile +1
87%
17 Iran 0
87%
40 Maroko 0
87%
15 Demokratyczna Republika Konga -1
86%
35 Irak +1
86%
28 Korea Południowa 0
86%
89 Szwecja 0
86%
41 Arabia Saudyjska 0
85%
29 Kolumbia 0
85%
16 Wietnam 0
84%
84 Czechy +2
83%
12 Etiopia +1
83%
90 Portugalia +1
83%
67 Rumunia -2
83%
45 Peru -1
82%
34 Algieria 0
80%
98 Austria +1
80%
8 Bangladesz 0
80%
13 Filipiny -1
80%
64 Kazachstan 0
80%
20 Tajlandia 0
80%
78 Belgia +3
79%
96 Białoruś 0
79%
88 Grecja 0
79%
72 Holandia -3
79%
55 Korea Północna 0
79%
93 Węgry 0
79%
42 Malezja +1
78%
38 Afganistan -1
77%
31 Sudan 0
77%
47 Uzbekistan 0
77%
52 Wenezuela -2
77%
48 Jemen 0
75%
26 Mjanma -1
74%
27 Kenia 0
72%
83 Kuba +1
72%
80 Somalia -2
72%
100 Szwajcaria +1
71%
66 Czad +1
69%
71 Ekwador 0
69%
70 Kambodża +2
69%
59 Syria +1
69%
23 Tanzania 0
69%
97 Izrael +1
67%
54 Madagaskar -1
67%
63 Mali -1
67%
50 Wybrzeże Kości Słoniowej +2
67%
43 Angola -1
66%
46 Mozambik 0
66%
33 Uganda 0
66%
62 Zambia +1
66%
82 Sudan Południowy 0
65%
73 Zimbabwe 0
65%
77 Boliwia +2
64%
44 Ghana +1
64%
51 Kamerun 0
64%
68 Senegal 0
64%
79 Tunezja +1
64%
92 Zjednoczone Emiraty Arabskie 0
64%
76 Gwinea -1
61%
49 Nepal 0
61%
57 Tajwan 0
61%
87 Jordania -2
58%
75 Rwanda +1
57%
91 Azerbejdżan -1
55%
74 Benin 0
54%
61 Burkina Faso -2
53%
69 Gwatemala +1
53%
95 Papua-Nowa-Gwinea -1
53%
58 Sri Lanka 0
52%
81 Burundi -4
50%
86 Dominikana +1
47%
85 Haiti -2
45%
94 Honduras +1
42%
60 Malawi +1
42%
99 Sierra Leone +1
36%
Nie znaleziono quizów pasujących do podanych kryteriów
Rozkład punktacji
Procent ludzi z każdym wynikiem
Percentyl według liczby udzielonych odpowiedzi
Twoja historia wyników
Nie rozwiązałeś tego quizu